000 00355 a2200157 4500
001 73713
020 _a
040 _cAnchieta - Colégio São Paulo
100 _aAndrade, Carlos Drummond de
240 1 0 _aLiteratura comentada
_lpor
245 1 0 _aLiteratura comentada
300 _a105
362 0 _a1980
650 4 _aPoesia brasileira
942 _cBK
999 _c73713
_d73713